| 000 | 00415nam a2200181Ia 4500 | ||
|---|---|---|---|
| 008 | 210210b1945 xxu||||| |||| 00| 0 eng d | ||
| 041 | _aeng | ||
| 082 | _a822/1121 | ||
| 100 | _aSMYTHE (F S) | ||
| 245 | _aSpirit of the hills | ||
| 260 |
_aLondon _bHodder and Stoughton Limited _c1945 |
||
| 650 | _athe | ||
| 650 | _aSpirit | ||
| 650 | _aof | ||
| 650 | _ahills | ||
| 690 | _aEnglish Prose | ||
| 906 | _a013304 | ||
| 999 |
_c132169 _d132169 |
||